000 00732nam a22002177a 4500
003 OSt
005 20230126142829.0
008 220916b |||||||| |||| 00| 0 eng d
020 _a84 95183 25 0
040 _cBiblioteca Lado V
082 _a779
_bB582j
110 _9652
_aBiblioteca de Fotógrafos Madrileños
_eautor
245 _aJavier Vallhonrat/
_bPhotoBolsillo/
260 _aMadrid
_bLa Fabrica
_c1999
300 _a75p.
_c13x18cm
650 _2Tesauro de Arte & Arquitectura
_aCATALOGO
650 _2Tesauro de Arte & Arquitectura
_aFOTOGRAFIA
650 _2Tesauro de Arte & Arquitectura
_aARTE
650 _2Tesauro de Arte & Arquitectura
_aJAVIER VALLHONRAT
942 _2ddc
_c1
_h779
_iB582j
_n0
999 _c2926
_d2926